000
00266 a2200097 4500
001
58010
100
_a
245
_a
Electric machines; theory, operation, applications, adjustments and control
260
_a
NJ
_b
Merrill Publication Co.
_c
1991
090
_c
35518
_d
35518
942
_a
NUST-CAE
_c
_c
28356
999
_c
293083
_d
293083